The romance between Greece and the East /

محفوظ في:

المؤلف الرئيسي: Whitmarsh, Tim (مؤلف)

مؤلفون آخرون: Thomson, Stuart.

التنسيق: كتاب

اللغة: English

منشور في: Cambridge : Cambridge University Press, 2013.

الموضوعات:

الوسوم: إضافة وسم

لا توجد وسوم, كن أول من يضع وسما على هذه التسجيلة!

رقم الطلب: PA3010 .R66 2013

LEADER 01233nam a2200301Ia 4500
008 201123s2013 enk g b 001 0 eng d
010 |a 2013011404 
020 |a 9781107038240 (hardback) 
020 |a 1107038243 (hardback) 
050 0 0 |a PA3010  |b .R66 2013 
043 |a e-gr---  |a aw----- 
100 1 |a Whitmarsh, Tim,  |e author. 
245 1 4 |a The romance between Greece and the East /  |c Edited by Tim Whitmarsh and Stuart Thomson. 
264 1 |a Cambridge :  |b Cambridge University Press,  |c 2013. 
300 |a xii, 396 pages ;  |c 24 cm 
336 |a text  |b txt  |2 rdacontent 
337 |a unmediated  |b n  |2 rdamedia 
338 |a volume  |b nc  |2 rdacarrier 
504 |a Includes bibliographical references (pages 336-390) and index. 
650 0 |a Greek fiction  |x History and criticism. 
650 0 |a Narration (Rhetoric)  |x History  |y To 1500. 
650 0 |a Comparative literature  |x Greek and Middle Eastern. 
650 0 |a Comparative literature  |x Middle Eastern and Greek. 
651 0 |a Greece  |x Civilization  |x Middle Eastern influences. 
700 1 |a Thomson, Stuart. 
942 |c BK 
952 |0 0  |1 0  |2 lcc  |4 0  |6 PA3010 R66 02013  |7 1  |9 31588  |a ARCE  |b ARCE  |d 2022-01-25  |l 0  |o PA3010 .R66 2013  |p 1003489  |r 2022-01-25 00:00:00  |w 2022-01-25  |y BK 
999 |c 31320  |d 31320